| 000 | 00556nam a2200169 i 4500 | ||
|---|---|---|---|
| 001 | 69546 | ||
| 003 | ES-MaACL | ||
| 005 | 20230906170539.0 | ||
| 007 | t| | ||
| 008 | 040707s1962 sp ||||1| spa d | ||
| 100 | 1 |
_aGarcía y Domínguez, Ulpiano R. _955428 |
|
| 245 | 1 | 0 |
_aElementos de Derecho disciplinario teórico-práctico / _cUlpiano R. García y Domínguez. |
| 260 |
_aMadrid : _b[s.n., _c1962] ( _eToledo : _fArtes Gráficas C.I.O.) |
||
| 300 |
_a570 p. ; _c24 cm. |
||
| 852 |
_aES-MaACL _jC-22770 _bR.51540 |
||
| 852 |
_aES-MaACL _jC-45607 _bR.76879 |
||
| 999 |
_c69546 _d69546 |
||